000 00749nam a2200217 a 4500
001 46984
003 BD-RjUL
005 20211209054236.0
008 160806s1996 bg ||||| |||| 00| 0 ben d
035 _a(BD-RjUL)47103
040 _aBD-RjUL
_bben
_cBD-RjUL
041 _aben
082 _a370
_223
_bSHI 1996
245 0 0 _aশিক্ষাদর্শনঃ লক্ষ্য ও সমাজ /
_cসম্পাদনা, এ. এন. রাশেদা
260 _aঢাকা :
_bশিক্ষাবার্তা,
_c১৯৯৬
300 _a১৩৮ পৃ. ;
_c২০ সেমি.
650 _aশিক্ষা
_9143121
650 _aEducation
_9143122
700 _aরাশেদা, এ. এন.
_9143123
942 _2ddc
_cBK
999 _c46984
_d46984